| 000 | 00773nam a22001937a 4500 | ||
|---|---|---|---|
| 999 |
_c19656 _d19656 |
||
| 003 | OSt | ||
| 005 | 20240313101147.0 | ||
| 008 | 240313b ||||| |||| 00| 0 eng d | ||
| 040 | _c0 | ||
| 082 | _aDPer 621.317 Ie21 August 2022 v.37 n. 8 | ||
| 100 |
_aLiu, Xiaokang. _eauthor. _954546 |
||
| 245 |
_aA fast positive-sequence component extraction method with multiple disturbances in unbalanced conditions / _cXiaokang Liu, Binbing Wu, and Liancheng Xiu |
||
| 260 |
_aNew York; _bThe Institute of Electrical and Electronics Engineers, Inc., _cAugust 2022. |
||
| 300 |
_avolume 37, _bpages 8820-8824, _cillustration. |
||
| 700 |
_aLiu, Xiaokang. _eauthor. _954546 |
||
| 700 |
_aWu, Binbing. _eauthor. _954547 |
||
| 700 |
_aXiu, Liancheng. _eauthor. _954548 |
||
| 942 |
_2ddc _cPER |
||